000 00490nam a2200181 a 4500
001 1268
003 CO-ViMGA
008 141112s2004 ck r 000 u spa d
040 _aCO-ViMGA
_bspa
_cCO-ViMGA
082 0 4 _aASKe
100 1 _aAskenazy, Ludwig
_93600
245 1 0 _aEres único /
_cLudwig Askenazy
260 _aMexico :
_bFondo de Cultura Económica,
_c1991
300 _a64 p : il
490 _aA la orilla del viento, 8
650 1 4 _aCUENTOS INFANTILES
_92743
942 _2ddc
_cBK
999 _c13488
_d13488